| 000 | 01424nam a2200397 c 4500 | ||
|---|---|---|---|
| 001 | 52839 | ||
| 003 | ES-MaCES | ||
| 005 | 20250203133331.0 | ||
| 007 | cr ||||||||||| | ||
| 008 | 230825s2023 sp | |||| 000 0 spa | ||
| 017 |
_aC 194-2023 _bDL |
||
| 020 | _a9788413597911 | ||
| 040 |
_aES-MaCES _bspa _cES-MaCES |
||
| 100 | 1 |
_940744 _aCarretero Sánchez, Santiago |
|
| 245 | 1 | 3 |
_aLa responsabilidad del Estado en sus nuevos frentes _b: sanitario, alimentario, energético y de inteligencia artificial _cSantiago Carretero Sánchez |
| 250 | _a1ª ed | ||
| 260 |
_aA Coruña _bColex _c2023 |
||
| 300 |
_a364 p. _c24 cm |
||
| 500 | _aPublicación en formato DÚO (papel + libro ectrónico). Disponible en formato electrónico en COLEX Online | ||
| 541 | 0 | _cCompra | |
| 650 | 4 |
_aintervención estatal _929380 |
|
| 650 | 4 |
_aresponsabilidad del Estado _931208 |
|
| 650 | 4 |
_atoma de decisiones _928194 |
|
| 650 | 4 |
_apolítica sanitaria _929366 |
|
| 650 | 4 |
_apolítica alimentaria _928664 |
|
| 650 | 4 |
_apolítica energética _929399 |
|
| 650 | 4 |
_ainteligencia artificial _930166 |
|
| 650 | 4 |
_apolítica gubernamental _927211 |
|
| 650 | 4 |
_aderecho administrativo _927155 |
|
| 650 | 4 |
_aEspaña _926964 |
|
| 650 | 4 |
_ainvestigación interdisciplinaria _928841 |
|
| 653 | _aAdministración-Instituciones públicas | ||
| 856 | 4 |
_uhttps://www.colex.es _zCOLEX |
|
| 902 | _aLIB Libro | ||
| 942 |
_2CES _cBK _h6.3. |
||
| 999 |
_c52839 _d52839 |
||